<?xml version="1.0" encoding="UTF-8"?><collection xmlns="info:lc/xmlns/marcxchange-v2"><record format="Unimarc" type="bibliographic"><leader>00569cam  2200193   450 </leader><controlfield tag="001">1954243</controlfield><controlfield tag="003">http://id.bnportugal.gov.pt/bib/porbase/1954243</controlfield><controlfield tag="005">20030520230600.0</controlfield><datafield ind1=" " ind2=" " tag="010"><subfield code="a">0-631-15529-5</subfield></datafield><datafield ind1=" " ind2=" " tag="035"><subfield code="5">18207</subfield></datafield><datafield ind1=" " ind2=" " tag="095"><subfield code="a">PTBN00721229</subfield></datafield><datafield ind1=" " ind2=" " tag="100"><subfield code="a">19930219d1989    k  y0pory0103    ba</subfield></datafield><datafield ind1="0" ind2=" " tag="101"><subfield code="a">eng</subfield></datafield><datafield ind1=" " ind2=" " tag="102"><subfield code="a">GB</subfield></datafield><datafield ind1="1" ind2=" " tag="200"><subfield code="a">&lt;The &gt;moving image</subfield><subfield code="e">&lt;an &gt;international history of film, television and video</subfield><subfield code="f">John Wyver</subfield></datafield><datafield ind1=" " ind2=" " tag="210"><subfield code="a">London</subfield><subfield code="c">Basil Blackwell</subfield><subfield code="d">1989</subfield></datafield><datafield ind1=" " ind2=" " tag="215"><subfield code="a">321 p.</subfield><subfield code="c">il.</subfield></datafield><datafield ind1=" " ind2=" " tag="675"><subfield code="a">791.4</subfield><subfield code="v">BN</subfield><subfield code="z">por</subfield><subfield code="3">415904</subfield></datafield><datafield ind1=" " ind2="1" tag="700"><subfield code="a">Wyver</subfield><subfield code="b">John</subfield><subfield code="3">1525222</subfield></datafield><datafield ind1=" " ind2="0" tag="801"><subfield code="a">PT</subfield><subfield code="b">BN</subfield><subfield code="g">RPC</subfield></datafield><datafield ind1=" " ind2=" " tag="977"><subfield code="1">EC A-4-11</subfield><subfield code="2">coop</subfield><subfield code="4">UCLE</subfield><subfield code="6">mq830556</subfield><subfield code="7">bc</subfield><subfield code="8">coop</subfield><subfield code="9">UCLE</subfield><subfield code="b">00350</subfield><subfield code="k">0</subfield></datafield></record></collection>